000 00387pab a2200145 454500
008 180718b1983 xxu||||| |||| 00| 0 eng d
100 _aCollie, Melissa P.
245 _aThe legislator and distributive policy making in formal perspective
260 _c1983
300 _a427-58
362 _aNov.
650 _aLegislators
773 _aLegislative Studies Quarterly
909 _a12537
999 _c12537
_d12537